<?xml version="1.0" encoding="UTF-8"?>
<record
    xmlns:xsi="http://www.w3.org/2001/XMLSchema-instance"
    xsi:schemaLocation="http://www.loc.gov/MARC21/slim http://www.loc.gov/standards/marcxml/schema/MARC21slim.xsd"
    xmlns="http://www.loc.gov/MARC21/slim">

  <leader>02814njm a2200565Ia 4500</leader>
  <controlfield tag="001">20533</controlfield>
  <controlfield tag="003">IT-RoPAU</controlfield>
  <controlfield tag="005">20220918181123.0</controlfield>
  <controlfield tag="008">131025s9999    xx            000 0 und d</controlfield>
  <datafield tag="040" ind1=" " ind2=" ">
    <subfield code="a">IT-RoPAU</subfield>
  </datafield>
  <datafield tag="040" ind1=" " ind2=" ">
    <subfield code="c">IT-RoPAU</subfield>
  </datafield>
  <datafield tag="041" ind1=" " ind2=" ">
    <subfield code="a">INGLESE</subfield>
  </datafield>
  <datafield tag="999" ind1=" " ind2=" ">
    <subfield code="c">99924</subfield>
    <subfield code="d">99924</subfield>
  </datafield>
  <datafield tag="999" ind1=" " ind2=" ">
    <subfield code="b">n.d.</subfield>
  </datafield>
  <datafield tag="100" ind1=" " ind2=" ">
    <subfield code="a">AA.VV.</subfield>
    <subfield code="9">794</subfield>
  </datafield>
  <datafield tag="100" ind1=" " ind2=" ">
    <subfield code="e">Autore musica</subfield>
    <subfield code="9">1932</subfield>
  </datafield>
  <datafield tag="100" ind1=" " ind2=" ">
    <subfield code="g">Codice autore musica SPICS: 12000</subfield>
    <subfield code="9">796</subfield>
  </datafield>
  <datafield tag="245" ind1=" " ind2=" ">
    <subfield code="a">Dance Mix (Lp Polygram promozionale)</subfield>
  </datafield>
  <datafield tag="250" ind1=" " ind2=" ">
    <subfield code="a">1a ed.</subfield>
  </datafield>
  <datafield tag="260" ind1=" " ind2=" ">
    <subfield code="a">ITALIA</subfield>
  </datafield>
  <datafield tag="260" ind1=" " ind2=" ">
    <subfield code="b">POLYGRAM</subfield>
    <subfield code="c">1983 [1a Ed.:1983 - Ed. Lingua Orig.: 1983]</subfield>
  </datafield>
  <datafield tag="300" ind1=" " ind2=" ">
    <subfield code="a">DISCO</subfield>
  </datafield>
  <datafield tag="300" ind1=" " ind2=" ">
    <subfield code="c">36 minuti (Testo:  pag.)</subfield>
  </datafield>
  <datafield tag="500" ind1=" " ind2=" ">
    <subfield code="a">Dance music. Disco promozionale fuori commercio</subfield>
  </datafield>
  <datafield tag="505" ind1=" " ind2=" ">
    <subfield code="a">The Woman in You [(Bee Gees) (5:00)] - Waves [(Blancmange) (5:00)] - Boom Boom [(Trio) (4:00)] - Wind Him Up [(Saga) (6:00)] - You Are in My System [(The System) (4:00)] - Celtic swing [(Van Morrison) (6:00)] - Just a Day Away [(Forever Tomorrow) (4:00)] - Change [(Tears For Fears) (4:00)]</subfield>
  </datafield>
  <datafield tag="511" ind1=" " ind2=" ">
    <subfield code="a">Bee Gees (The</subfield>
  </datafield>
  <datafield tag="511" ind1=" " ind2=" ">
    <subfield code="a">Blancmange</subfield>
  </datafield>
  <datafield tag="511" ind1=" " ind2=" ">
    <subfield code="a">Trio</subfield>
  </datafield>
  <datafield tag="511" ind1=" " ind2=" ">
    <subfield code="a">Saga</subfield>
  </datafield>
  <datafield tag="511" ind1=" " ind2=" ">
    <subfield code="a">System (The) </subfield>
  </datafield>
  <datafield tag="511" ind1=" " ind2=" ">
    <subfield code="a">Van Morrison </subfield>
  </datafield>
  <datafield tag="511" ind1=" " ind2=" ">
    <subfield code="a">Barclay James Harvest</subfield>
  </datafield>
  <datafield tag="511" ind1=" " ind2=" ">
    <subfield code="a">Tears For Fears </subfield>
  </datafield>
  <datafield tag="650" ind1=" " ind2=" ">
    <subfield code="a">POP [DISCHI]</subfield>
    <subfield code="e">Codice MATERIA SPICS: 9950</subfield>
    <subfield code="9">1001</subfield>
  </datafield>
  <datafield tag="700" ind1=" " ind2=" ">
    <subfield code="a">Gibb Maurice</subfield>
    <subfield code="d">Codice autore musica SPICS: 15512</subfield>
    <subfield code="e">Autore musica</subfield>
    <subfield code="p">Woman in You</subfield>
    <subfield code="9">1933</subfield>
  </datafield>
  <datafield tag="700" ind1=" " ind2=" ">
    <subfield code="a">Gibb Robin</subfield>
    <subfield code="d">Codice autore SPICS: 15622</subfield>
    <subfield code="e">Autore</subfield>
    <subfield code="p">Woman in You</subfield>
    <subfield code="9">1934</subfield>
  </datafield>
  <datafield tag="700" ind1=" " ind2=" ">
    <subfield code="a">Gibb Barry</subfield>
    <subfield code="d">Codice autore testo/musica SPICS: 23236</subfield>
    <subfield code="e">Autore testo/musica</subfield>
    <subfield code="p">Woman in You</subfield>
    <subfield code="9">1935</subfield>
  </datafield>
  <datafield tag="700" ind1=" " ind2=" ">
    <subfield code="a">Luscombe</subfield>
    <subfield code="d">Codice autore musica SPICS: 23248</subfield>
    <subfield code="e">Autore musica</subfield>
    <subfield code="p">Waves</subfield>
    <subfield code="9">1936</subfield>
  </datafield>
  <datafield tag="700" ind1=" " ind2=" ">
    <subfield code="a">Arthur</subfield>
    <subfield code="d">Codice autore testo/musica SPICS: 23247</subfield>
    <subfield code="e">Autore testo/musica</subfield>
    <subfield code="p">Waves</subfield>
    <subfield code="9">1937</subfield>
  </datafield>
  <datafield tag="700" ind1=" " ind2=" ">
    <subfield code="a">Kralle</subfield>
    <subfield code="d">Codice autore musica SPICS: 23245</subfield>
    <subfield code="e">Autore musica</subfield>
    <subfield code="p">Boom Boom </subfield>
    <subfield code="9">1938</subfield>
  </datafield>
  <datafield tag="700" ind1=" " ind2=" ">
    <subfield code="a">Remmler</subfield>
    <subfield code="d">Codice autore testo/musica SPICS: 23246</subfield>
    <subfield code="e">Autore testo/musica</subfield>
    <subfield code="p">Boom Boom </subfield>
    <subfield code="9">1939</subfield>
  </datafield>
  <datafield tag="700" ind1=" " ind2=" ">
    <subfield code="a">Negus S.</subfield>
    <subfield code="d">Codice autore musica SPICS: 23242</subfield>
    <subfield code="e">Autore musica</subfield>
    <subfield code="p">Wind Him Up</subfield>
    <subfield code="9">1940</subfield>
  </datafield>
  <datafield tag="700" ind1=" " ind2=" ">
    <subfield code="a">Sadlen M.</subfield>
    <subfield code="d">Codice autore SPICS: 23243</subfield>
    <subfield code="e">Autore</subfield>
    <subfield code="p">Wind Him Up</subfield>
    <subfield code="9">1941</subfield>
  </datafield>
  <datafield tag="700" ind1=" " ind2=" ">
    <subfield code="a">Crichton J.</subfield>
    <subfield code="d">Codice autore testo/musica SPICS: 23244</subfield>
    <subfield code="e">Autore testo/musica</subfield>
    <subfield code="p">Wind Him Up</subfield>
    <subfield code="9">1942</subfield>
  </datafield>
  <datafield tag="700" ind1=" " ind2=" ">
    <subfield code="a">Murphy Mic</subfield>
    <subfield code="d">Codice autore musica SPICS: 23240</subfield>
    <subfield code="e">Autore musica</subfield>
    <subfield code="p">You Are in My System</subfield>
    <subfield code="9">1943</subfield>
  </datafield>
  <datafield tag="700" ind1=" " ind2=" ">
    <subfield code="a">Frank David</subfield>
    <subfield code="d">Codice autore testo/musica SPICS: 23241</subfield>
    <subfield code="e">Autore testo/musica</subfield>
    <subfield code="p">You Are in My System</subfield>
    <subfield code="9">1944</subfield>
  </datafield>
  <datafield tag="700" ind1=" " ind2=" ">
    <subfield code="a">Van Morrison</subfield>
    <subfield code="d">Codice autore testo/musica SPICS: 10117</subfield>
    <subfield code="e">Autore testo/musica</subfield>
    <subfield code="p">Celtic swing</subfield>
    <subfield code="9">1945</subfield>
  </datafield>
  <datafield tag="700" ind1=" " ind2=" ">
    <subfield code="a">Lees John</subfield>
    <subfield code="d">Codice autore testo/musica SPICS: 23239</subfield>
    <subfield code="e">Autore testo/musica</subfield>
    <subfield code="p">Just a Day Away</subfield>
    <subfield code="9">1946</subfield>
  </datafield>
  <datafield tag="700" ind1=" " ind2=" ">
    <subfield code="a">Orzabal R.</subfield>
    <subfield code="d">Codice autore testo/musica SPICS: 23238</subfield>
    <subfield code="e">Autore testo/musica</subfield>
    <subfield code="p">Change</subfield>
    <subfield code="9">1947</subfield>
  </datafield>
  <datafield tag="942" ind1=" " ind2=" ">
    <subfield code="c">MD</subfield>
    <subfield code="2">ddc</subfield>
  </datafield>
  <datafield tag="952" ind1=" " ind2=" ">
    <subfield code="0">0</subfield>
    <subfield code="1">0</subfield>
    <subfield code="4">0</subfield>
    <subfield code="6">20533_000000000000000</subfield>
    <subfield code="7">1</subfield>
    <subfield code="a">SPICS</subfield>
    <subfield code="b">SPICS</subfield>
    <subfield code="d">2013-10-25</subfield>
    <subfield code="l">0</subfield>
    <subfield code="o">20533</subfield>
    <subfield code="r">2013-10-25 00:00:00</subfield>
    <subfield code="w">2013-10-25</subfield>
    <subfield code="y">MD</subfield>
    <subfield code="z">Progr. Ins.: 3840 / N.Vol.: 1 / Copie: 1 - Copia rara: n.d. / date import: 01.01.2014 - By Epidotti, Trombetti, Vaglietti</subfield>
  </datafield>
</record>
